Länder nach Duschgels #6 - Statistiken

Allgemein
  • Dieses Quiz wurde 27 mal gespielt
  • Das Durchschnittsergebnis liegt bei 7 aus 10
Antwortstatistiken
Bildquiz Antwort % Korrekt
Frankreich
100%
Argentinien
92%
Nordmazedonien
76%
Kasachstan
72%
Philippinen
72%
Vatikanstadt
72%
Vietnam
72%
Namibia
64%
Oman
56%
Grenada
24%
Keine übereinstimmenden Quizze gefunden
Verteilung der Resultate
Anzahl Personen mit jedem Resultat
Perzentil nach korrekt beantworteten Fragen
Ihre Resultats-Entwicklung
Sie haben dieses Quiz noch nicht gespielt